[Event "WYCC 2018 O16"]
[Site "Halkidiki"]
[Date "2018.10.21"]
[Round "2"]
[White "Blohberger, Felix"]
[Black "Kotau, Arseni"]
[Result "1-0"]
[WhiteElo "2433"]
[BlackElo "2167"]
[Annotator "TA"]
[PlyCount "67"]
[EventDate "2018.10.20"]
[EventType "swiss"]
[EventCountry "GRE"]
[SourceTitle "playchess.com"]
[Source "ChessBase"]
[SourceQuality "1"]

{[%evp 22,67,43,39,46,44,43,37,37,38,45,46,50,35,37,25,32,29,106,77,84,70,101,74,108,74,85,0,0,0,0,3,50,37,52,52,50,38,69,47,159,166,227,229,222,204,563,553]} 1. e4 c5 2. Nf3 e6 3. d4 cxd4 4. Nxd4 a6 5. c4 Nf6 6. Nc3 Qc7 7. Be2 Bb4 8. O-O O-O {B41: Sicilian: Kan Variation: 5 c4} 9. Bg5 (9. Qd3 d6 10. Bd2 Nc6 11. Nb3 b6 12. Rac1 Bc5 13. Bg5 Bb7 14. Qg3 Kh8 15. Rfd1 Ne5 16. Nxc5 bxc5 {0-1 (34) Naiditsch,A (2705)-Artemiev,V (2691) Riadh 2017}) 9... Bxc3 10. Bxf6 Bxb2 11. Qd2 gxf6 12. Qxb2 {LiveBook: 4 Games} d6 13. Qa3 $146 ({Predecessor:} 13. Qd2 Nd7 14. Rad1 Kh8 15. Nb3 b5 16. Qxd6 Qxd6 17. Rxd6 bxc4 18. Bxc4 {½-½ (43) Cornette,M (2586)-Shchekachev,A (2555) Saint-Quentin 2015}) 13... Qc5 14. Qg3+ Qg5 15. Qxd6 Qe5 16. Qxe5 fxe5 17. Nb3 $36 {[%mdl 2048] White fights for an advantage.} a5 18. Rab1 b6 19. Rfd1 a4 (19... Kg7 $11 {keeps the balance.}) 20. Nc1 Nd7 21. a3 Ra7 22. f3 Rc7 23. Rb4 Bb7 24. Rxa4 (24. Na2 $16) 24... Bc6 $1 $11 {[%cal Rc6a4]} 25. Rb4 Ra8 26. Rd3 Nc5 27. Re3 ({Much weaker is} 27. Rxb6 Nxd3 28. Nxd3 Ra5 $15) 27... Ra6 28. Kf2 Rca7 29. h4 Kf8 30. Rb2 Nd7 {[#]} (30... Ke7 $14) 31. c5 $1 $16 {[%cal Bc4c5,Bc5b6][%mdl 544]} Ra5 (31... b5 {was worth a try.} 32. Bxb5 Rb7) (31... bxc5 32. Bxa6) 32. cxb6 $18 Rb7 33. Rc3 Nc5 $2 (33... Ba4 {is more resistant.} 34. Nd3 Rxb6) 34. Rbc2 {Precision: White = 47%, Black = 46%.} 1-0

[Event "WYCC 2018 O16"]
[Site "Halkidiki"]
[Date "2018.10.21"]
[Round "2"]
[White "Kosakowski, Jakub"]
[Black "Stevanic, David"]
[Result "1/2-1/2"]
[WhiteElo "2413"]
[BlackElo "2281"]
[Annotator "TA"]
[PlyCount "85"]
[EventDate "2018.10.20"]
[EventType "swiss"]
[EventCountry "GRE"]
[SourceTitle "playchess.com"]
[Source "ChessBase"]
[SourceQuality "1"]

{[%evp 18,85,0,0,0,0,0,0,0,0,0,0,0,0,0,0,0,0,0,0,6,0,4,0,16,12,28,33,43,31,32,26,20,23,76,70,94,101,107,96,104,10,10,0,66,0,20,-33,116,116,115,113,123,110,116,92,90,82,91,93,91,22,18,33,38,0,0,0,0,0]} 1. e4 e5 2. Nf3 Nc6 3. Bb5 a6 4. Ba4 Nf6 5. O-O Be7 6. d3 b5 7. Bb3 d6 8. a3 O-O 9. Nc3 Bg4 10. Be3 Nd4 {C84: Closed Ruy Lopez: Unusual White 6th moves} 11. Bxd4 exd4 12. Nd5 Nd7 13. h3 Bxf3 $1 14. Qxf3 c6 15. Nxe7+ Qxe7 16. Qg3 {[#]} Nc5 $146 ({Predecessor:} 16... Rac8 17. f4 c5 18. Ba2 {½-½ (100) Mamedov,R (2666)-Tomashevsky,E (2731) Baku 2016}) 17. Ba2 Na4 18. Rab1 c5 19. f4 Rac8 20. Qf2 Kh8 21. Rfe1 f6 22. Qd2 Qa7 23. Kh1 Rfe8 24. c3 dxc3 $1 25. bxc3 c4 (25... Rb8 $11) 26. dxc4 $16 Qc5 27. Rb4 a5 28. Rxb5 Qxa3 {[#]} 29. Rb3 ({Of course not} 29. Rxa5 $6 Qxc3 30. Rd5 Qxd2 $11) (29. Re3 $1 $16) 29... Qc5 $11 30. Rb5 (30. Kh2 $11) 30... Qa3 $14 31. Rb3 Qc5 32. Qc2 ({White should try} 32. Kh2 $11) 32... Nb6 (32... Qc7 $15 {stays ahead.}) 33. Rb5 $16 {[%cal Bb3b5,Bb5a5,Ba5a4][%mdl 32]} Qc6 34. Rxa5 Nxc4 {[#]} 35. Ra4 $1 {[%cal Ra4c4]} d5 36. Bxc4 dxc4 37. Raa1 h6 38. Rad1 Rcd8 39. Rd4 ({Better is} 39. e5 $16) 39... Rxd4 $1 $11 40. cxd4 c3 41. Re3 Qc4 {Strongly threatening ...Qf1+.} 42. Kh2 Qxd4 43. Qxc3 {Precision: White = 65%, Black = 57%.} 1/2-1/2

[Event "WYCC 2018 O16"]
[Site "Halkidiki"]
[Date "2018.10.21"]
[Round "2"]
[White "Kaasen, Tor Fredrik"]
[Black "Faerber, David"]
[Result "1-0"]
[WhiteElo "2388"]
[BlackElo "2279"]
[Annotator "TA"]
[PlyCount "111"]
[EventDate "2018.10.20"]
[EventType "swiss"]
[EventCountry "GRE"]
[SourceTitle "playchess.com"]
[Source "ChessBase"]
[SourceQuality "1"]

{[%evp 17,111,0,13,4,19,0,0,-12,-16,-5,35,0,0,0,0,0,0,0,0,10,43,4,2,0,0,0,25,35,39,34,37,37,43,15,16,18,20,22,18,9,19,16,75,75,70,20,45,29,43,21,45,45,80,63,88,25,88,87,97,18,25,18,77,47,65,61,88,66,89,42,41,48,146,151,173,176,156,156,216,193,193,194,352,350,343,321,344,339,285,279,379,369,584,556,29980,29981]} 1. d4 d5 2. c4 c6 3. Nf3 Nf6 4. Qc2 dxc4 5. Qxc4 Bg4 6. Nbd2 Nbd7 {D23: Angenommenes Damengambit} 7. g3 e6 8. Bg2 Be7 9. Qb3 (9. O-O O-O 10. b3 Qa5 11. Bb2 Rac8 12. Rfd1 Rfd8 13. h3 Bh5 14. Qc1 {0-1 (56) Le,Q (2737)-Mamedov,R (2709) Riadh 2017}) 9... Qb6 {LiveBook: 7 Partien} 10. Nc4 Qa6 11. Bf4 O-O 12. O-O Nb6 $146 ({Vorgänger:} 12... Nd5 13. Bd2 N5b6 14. Rfc1 Nxc4 15. Qxc4 Qxc4 16. Rxc4 {0-1 (31) Islam,K (2205)-Sandipan,C (2585) Mumbai 2016}) 13. Rfc1 Nfd5 14. Bd2 Nxc4 15. Qxc4 Qxc4 16. Rxc4 Rfd8 17. e3 Nb6 18. Rcc1 Bf6 19. Bb4 a5 20. Ba3 Bf5 21. Ne5 h6 22. f4 Bxe5 23. fxe5 Bd3 24. Bc5 Na4 25. b3 (25. Be7 $5 {[%cal Re7d8]}) 25... Nxc5 26. Rxc5 a4 27. b4 a3 28. Rd1 Be2 29. Rb1 Ra4 (29... f6 $11) 30. Kf2 $36 {[%mdl 2048] Weiss bestimmt, wo es lang geht.} Bb5 31. Rb3 Kf8 32. Ke1 Ke7 33. Kd2 Kd7 34. Be4 Kc7 35. Bc2 Kb6 36. Rcc3 ({Günstiger ist} 36. Rb1 $16) 36... Rda8 (36... Rf8 $11) 37. Rb1 R4a7 38. e4 (38. Rc5 $16) 38... Rd8 $11 39. Ke3 Kc7 (39... Rd7 $11 {bleibt in der Remisbreite.}) 40. Bb3 Kd7 41. Rc5 Ba4 42. d5 Bxb3 43. dxc6+ bxc6 {Weiss muss nun ...La4 beachten.} 44. Rxb3 $14 {[%mdl 4096] Endspiel KTT-KTT} Ra4 ({Lieber} 44... Rb8 $14) 45. Ra5 $16 Ra8 46. Rxa4 $1 Rxa4 $18 {KT-KT} 47. Kd4 $1 f6 (47... Ra7 $16 {ist eine bessere Verteidigung.} 48. Rf3 Ke7) 48. exf6 gxf6 {[#] beabsichtigt ...Kd6.} 49. Kc5 $1 Ra6 $2 (49... h5 {war einen Versuch wert.} 50. Rd3+ Ke7) 50. Rd3+ Kc7 51. Rd6 Rb6 {...Tb5+ ist eine echte Drohung.} 52. Rxe6 Rb5+ 53. Kc4 Rh5 {[#]} 54. h4 $1 Kb6 (54... Rb5 $142 55. Rxf6 Re5) 55. Kb3 Kb5 56. Rxf6 {Precision: Weiß = 61%, Schwarz = 28%.} 1-0

[Event "WYCC 2018 O16"]
[Site "Halkidiki"]
[Date "2018.10.21"]
[Round "2"]
[White "Ibrahimli, Murad"]
[Black "Duda, Daniel"]
[Result "1-0"]
[WhiteElo "2379"]
[BlackElo "1985"]
[Annotator "TA"]
[PlyCount "61"]
[EventDate "2018.10.20"]
[EventType "swiss"]
[EventCountry "GRE"]
[SourceTitle "playchess.com"]
[Source "ChessBase"]
[SourceQuality "1"]

{[%evp 20,61,0,0,16,13,23,22,56,0,0,0,16,17,15,5,9,12,17,7,13,0,42,46,60,41,48,6,37,13,416,405,520,420,771,774,760,763,750,736,882,827,1369,1360]} 1. d4 d5 2. Nf3 Nf6 3. c4 e6 4. Nc3 Be7 5. Bg5 Nbd7 6. cxd5 Nxd5 7. Bxe7 Qxe7 8. e4 Nxc3 9. bxc3 O-O 10. Bc4 c5 11. O-O cxd4 {D55: Queen's Gambit Declined: 4 Bg5 Be7: Lines without ...h6 and 6...h6 7 Bxf6} 12. cxd4 Nb6 13. Bd3 $146 ({Predecessor:} 13. Bb3 Rd8 14. Qe2 Bd7 15. Rac1 Rac8 16. h3 a6 17. Qe3 Bb5 18. Rfd1 Nc4 19. Qf4 {1-0 (38) Koshevaya,A (1739)-Kolokoltsova,E (1867) Novokuznetsk 2014}) 13... Bd7 {The position is equal.} 14. Re1 ({Better is} 14. a4 $14) 14... Rac8 $11 15. Qd2 Rfd8 16. Qa5 Qd6 17. Rac1 Rxc1 18. Rxc1 Qb8 19. Qh5 {aiming for Ng5.} Qf4 20. Re1 (20. Rc3 {seems wilder.} h6 21. g3 Qb8 22. Rc1 Ba4 23. Qa5) 20... g6 21. Qa5 $36 {[%mdl 2048] White has the initiative.} Qb8 22. Qg5 {[#] Hoping for Qh6.} Kg7 23. Qh4 Rc8 24. Ne5 {And now Qe7 would win.} h5 $2 {[%mdl 8192]} (24... Be8 $11 {and Black stays safe.}) 25. Qe7 $1 $18 {[%csl LRd7,LRf7]} Be8 {[#]} 26. Bb5 $1 {[%mdl 512]} Qxe5 (26... Qc7 $142 27. Qxc7 Rxc7) (26... Bxb5 27. Qxf7+) 27. dxe5 {White is clearly winning.} Bxb5 28. Qxb7 Rc2 29. Qxa7 Nc4 30. a4 Ra2 31. Qc5 {Precision: White = 36%, Black = 39%.} 1-0

[Event "WYCC 2018 O16"]
[Site "Halkidiki"]
[Date "2018.10.21"]
[Round "2"]
[White "Lianes Garcia, Marcos"]
[Black "Chukavin, Kirill"]
[Result "1/2-1/2"]
[WhiteElo "2376"]
[BlackElo "2274"]
[Annotator "TA"]
[PlyCount "92"]
[EventDate "2018.10.20"]
[EventType "swiss"]
[EventCountry "GRE"]
[SourceTitle "playchess.com"]
[Source "ChessBase"]
[SourceQuality "1"]

{[%evp 26,92,53,48,47,43,51,43,58,55,56,57,53,43,51,58,63,56,72,64,68,69,70,73,75,67,90,71,74,28,25,31,17,8,15,2,2,2,52,52,52,0,52,52,52,52,52,52,52,52,52,52,52,0,52,0,52,52,52,52,52,52,52,0,0,0,0,0,0]} 1. e4 c5 2. Nf3 e6 3. d4 cxd4 4. Nxd4 Nf6 5. Nc3 d6 6. g4 h6 7. h4 Nc6 8. Rg1 d5 9. exd5 Nxd5 {B81: Sicilian Scheveningen: Keres Attack} 10. Nxd5 Qxd5 (10... exd5 11. Be3 Qxh4 12. Qf3 Nxd4 13. Bxd4 Qe7+ 14. Be2 Qe4 15. Qc3 Be6 16. f3 Qf4 17. Be5 Qa4 18. b3 Qb4 19. Bxg7 Rg8 20. Bd4 Qxc3+ 21. Bxc3 h5 {½-½ (21) Maze,S (2615)-Duda,J (2724) Brest 2018}) 11. Bg2 Qe5+ 12. Be3 Bd7 13. Nxc6 Bxc6 14. Bxc6+ {LiveBook: 24 Games} bxc6 15. Qd4 Qxd4 16. Bxd4 c5 $146 17. Bc3 Rd8 18. Ke2 Rd5 19. b3 f6 20. h5 Bd6 21. Bd2 {Hoping for c4.} Be7 22. Be3 Kf7 23. c4 Rd7 24. Rad1 Rb7 25. Rd3 a5 26. Rgd1 Rhb8 27. Rd7 {Strongly threatening R1d6.} Ke8 28. Rxb7 Rxb7 $11 {[%mdl 4096] Endgame KRB-KRB} 29. Rd3 a4 $1 30. f4 axb3 31. axb3 Rd7 32. Rxd7 Kxd7 $14 {KB-KB} 33. Kf3 (33. f5 $14) 33... Bd6 (33... f5 $1 $11) 34. Ke4 Ke7 35. Bd2 Kf7 36. f5 Ke7 37. Bc3 Kd7 38. Ba5 Be7 39. Bb6 (39. Bd2 $14) 39... Bf8 (39... Kc6 $1 $11 40. Ba5 Kd7) 40. Ba5 Be7 $1 41. Bd2 Bd6 42. Be1 Be7 43. Bg3 Bf8 44. fxe6+ (44. Bh2 $14) 44... Kxe6 $11 {The position is equal.} 45. Bc7 Be7 46. Bb6 Bf8 {Precision: White = 63%, Black = 58%.} 1/2-1/2

[Event "WYCC 2018 O16"]
[Site "Halkidiki"]
[Date "2018.10.21"]
[Round "2"]
[White "Davtyan, Artur"]
[Black "De Waele, Warre"]
[Result "1-0"]
[WhiteElo "2374"]
[BlackElo "2272"]
[Annotator "TA"]
[PlyCount "65"]
[EventDate "2018.10.20"]
[EventType "swiss"]
[EventCountry "GRE"]
[SourceTitle "playchess.com"]
[Source "ChessBase"]
[SourceQuality "1"]

{[%evp 18,65,11,15,15,0,1,0,9,9,23,6,13,9,24,16,27,26,14,14,11,10,28,0,25,19,58,64,101,99,145,155,215,205,189,113,484,500,550,536,537,525,542,542,539,498,539,475,645,497]} 1. d4 d5 2. c4 c6 3. Nf3 Nf6 4. e3 Bf5 5. Nc3 e6 6. Be2 h6 7. O-O Nbd7 8. Bd3 {D12: Slav Defence: 3 Nf3 Nf6 4 e3 Bf5} Bxd3 9. Qxd3 Bb4 10. Bd2 {LiveBook: 6 Games. The position is equal.} (10. a3 Ba5 11. b3 O-O 12. Bb2 Qe7 13. Rfd1 Bc7 14. Qc2 {0-1 (56) Kuzubov,Y (2699)-Grigoriants,S (2561) Riadh 2017}) 10... Qb6 11. Rfc1 $146 ({Predecessor:} 11. a3 Bxc3 12. Bxc3 O-O 13. Nd2 Rad8 14. a4 Rfe8 15. c5 Qc7 {0-1 (45) Balta,M (2206)-Chazalette,J (2028) ICCF email 2009}) 11... Qa6 12. b3 O-O 13. a4 {[%cal Ba2a4,Ba4a5][%mdl 32]} Rad8 14. a5 Rfe8 15. Qf1 Bxc3 16. Bxc3 Ne4 17. Be1 dxc4 18. bxc4 c5 19. Qd3 Ndf6 20. Qb3 Rc8 21. Rab1 Re7 22. Ne5 Qd6 23. Rd1 Qc7 24. f3 Nd6 (24... cxd4 $16 25. exd4 Nc5) 25. dxc5 $18 Nf5 {[#]} 26. Ng4 ({Better is} 26. Qb2 $1 $18) 26... Qxc5 $2 {[%mdl 8192]} (26... Nd7 $16 {is a better chance.}) 27. Bb4 {White is clearly winning.} Qxc4 28. Nxf6+ gxf6 29. Qxc4 Rxc4 30. Bxe7 Nxe7 31. Rxb7 {KRR-KRN} Nc6 32. Rdd7 Ne5 33. Rd8+ {Precision: White = 67%, Black = 33%.} 1-0

[Event "WYCC 2018 O16"]
[Site "Halkidiki"]
[Date "2018.10.21"]
[Round "2"]
[White "Abdisalimov, Abdimalik"]
[Black "Nielsen, Andre"]
[Result "1-0"]
[WhiteElo "2368"]
[BlackElo "2260"]
[Annotator "TA"]
[PlyCount "127"]
[EventDate "2018.10.20"]
[EventType "swiss"]
[EventCountry "GRE"]
[SourceTitle "playchess.com"]
[Source "ChessBase"]
[SourceQuality "1"]

{[%evp 22,127,0,-33,33,18,44,45,60,59,64,62,78,54,53,69,77,79,97,107,101,100,102,101,101,102,93,70,70,74,74,70,123,70,70,70,105,97,95,70,125,103,111,101,103,94,191,168,265,269,269,269,258,257,325,325,325,325,325,322,322,322,697,667,979,828,1200,1125,1244,1134,5193,5061,1680,4451,1940,1568,5345,5053,4641,4634,4598,2377,4627,4627,4627,4627,4622,4622,29980,29981,29981,29982,29982,29983,29983,29984,29984,29985,29985,29986,29986,29987,29987,29988,29988,29988,29990,29991]} 1. e4 e5 2. Nf3 Nc6 3. d4 exd4 4. Bc4 Nf6 5. e5 d5 6. Bb5 Ne4 7. Nxd4 Bc5 8. Be3 Bd7 9. Bxc6 bxc6 10. O-O O-O 11. f3 Ng5 {[%cal Be4g5,Bg5e6,Be6g7,Bg7f5][%mdl 32]} 12. Qd2 {LiveBook: 13 Partien} Be7 {C56: Zweispringerspiel} (12... f6 $15) (12... f6 13. exf6 Qxf6 14. Nc3 Nf7 15. Nb3 Bd6 16. Nc5 Bf5 17. Bd4 Qg6 18. Rae1 Ng5 19. f4 Ne6 20. Nxe6 Bxe6 {1-0 (46) Bologan,V (2665)-Hansen,S (2566) Porto Carras 2011}) 13. Nb3 Re8 $146 ({Vorgänger:} 13... Bc8 14. Bc5 Re8 15. Nc3 Bxc5+ 16. Nxc5 d4 17. Rfd1 Bh3 18. f4 Bg4 19. Ne2 Qd5 20. b4 {0-1 (40) Hermlin,A-Efimov USSR 1980}) 14. Nc3 g6 {Weiß steht etwas besser.} 15. Na4 Ne6 16. f4 f6 17. exf6 Bxf6 18. c3 Ng7 19. Bd4 Nf5 20. Bxf6 Qxf6 21. Nac5 Rad8 22. Rae1 Bc8 23. Nd4 Re7 24. Nxf5 Bxf5 25. Qd4 Qxd4+ 26. cxd4 Kf7 (26... Rxe1 $14 27. Rxe1 Rb8) 27. Kf2 ({Lieber} 27. Re5 $16) 27... Rb8 $14 28. b3 Rb4 29. Rxe7+ Kxe7 $16 {[%mdl 4096] Endspiel KTL-KTS} 30. Ke3 Kd6 (30... a5 $14) 31. a3 Rb8 32. Kd2 Re8 33. Re1 Be4 (33... Rf8 $16 {kämpft weiter.}) 34. b4 $18 Re7 (34... Ra8 $142 35. g4 (35. Nxe4+ dxe4 36. Rxe4 a5 $16) 35... a6) 35. Nxe4+ dxe4 {KT-KT} 36. Ke3 a5 37. bxa5 c5 {[#]} 38. dxc5+ $1 Kxc5 39. g4 {[%cal Bg2g4,Bg4f5,Bf5f6][%mdl 32]} Re8 {Jetzt ...Ta8 und Schwarz darf weiter klammern.} 40. Rc1+ Kd6 41. Rd1+ Kc6 $2 (41... Ke6 42. Kxe4 c6) 42. f5 gxf5 43. gxf5 Re5 {[#]} 44. Kf4 $1 {[%cal Rf4e5]} Rxa5 45. f6 Rxa3 46. Kxe4 Ra2 47. h4 Rf2 48. Ke5 Re2+ 49. Kf5 Rf2+ 50. Ke6 Re2+ 51. Kf7 Rg2 52. Ke8 Re2+ 53. Kf8 Rg2 54. f7 Rg4 55. h5 {[%cal Bh4h5,Bh5h6][%mdl 32] Weiß setzt Matt.} Rg2 56. h6 Rg3 57. Ke7 Re3+ 58. Kf6 Rf3+ 59. Kg7 Rg3+ 60. Kxh7 Rf3 61. Kg7 Rg3+ 62. Kf8 Rh3 63. Rg1 Kd7 64. Kg7 {Precision: Weiß = 86%, Schwarz = 29%.} 1-0

[Event "WYCC 2018 O16"]
[Site "Halkidiki"]
[Date "2018.10.21"]
[Round "2"]
[White "Stoleriu, George"]
[Black "Semjonovs, Ilja"]
[Result "1/2-1/2"]
[WhiteElo "2362"]
[BlackElo "2245"]
[Annotator "TA"]
[PlyCount "93"]
[EventDate "2018.10.20"]
[EventType "swiss"]
[EventCountry "GRE"]
[SourceTitle "playchess.com"]
[Source "ChessBase"]
[SourceQuality "1"]

{[%evp 18,93,-25,-20,-10,-29,-16,-47,-32,-36,-43,-68,-22,-60,-39,-37,-5,-27,-25,-8,-18,-15,11,18,45,0,0,-5,0,0,83,42,149,39,42,47,35,42,85,83,88,70,66,70,65,49,55,56,72,63,78,45,40,48,53,39,37,34,31,21,32,15,24,-52,-50,-36,-40,-50,-52,-37,-45,-47,-40,-41,-34,-33,-48,-40]} 1. e4 c5 2. Nc3 Nc6 3. Bb5 Nd4 4. Bc4 e6 5. Nge2 a6 (5... Ne7 6. Nxd4 cxd4 7. Ne2 Nc6 8. O-O a6 9. d3 d5 10. exd5 exd5 11. Bb3 Bd6 12. Nf4 Bxf4 13. Bxf4 O-O 14. Qf3 Be6 15. Rfe1 {1-0 (58) Cornette,M (2611)-Lenic,L (2662) chess.com INT 2018}) 6. d3 {B23: Closed Sicilian: Lines without g3} b5 7. Bb3 Nc6 8. O-O Nf6 9. Bg5 Be7 10. f4 {LiveBook: 6 Games} d6 11. Ng3 O-O $146 ({Predecessor:} 11... h6 12. Bxf6 Bxf6 13. f5 Qe7 {½-½ (40) Compton,A (2097)-Gahir,J (1872) Hinckley Island 2009}) 12. Kh1 h6 13. Bxf6 $1 Bxf6 14. Qg4 Kh8 15. Rae1 Bh4 16. Nce2 d5 17. exd5 exd5 18. Qf3 $1 Ne7 19. c3 f5 20. Ng1 Bb7 21. Re6 Qd7 22. Rfe1 c4 23. Bc2 {[#] Strongly threatening Qh5.} Bc8 (23... d4 $11 {remains equal.} 24. Qh5 Bxg3 25. Rxe7 Qc6) 24. R6e2 Nc6 (24... g6 $14) 25. d4 (25. Qh5 $16 Bxg3 26. hxg3) 25... Qf7 26. Qf2 Bd7 27. Nf3 Bxg3 28. Qxg3 Rae8 29. Nh4 {Threatens to win with Ng6+.} Rxe2 30. Rxe2 {aiming for Ng6+.} Kh7 31. Qh3 g6 32. Nf3 Kg7 33. Ne5 Nxe5 34. dxe5 Be6 35. Qe3 Qc7 36. Rd2 Rb8 37. Bd1 b4 38. Bf3 Qb6 39. Qxb6 (39. Qe1 {looks sharper.} Qa5 40. Rd1 bxc3 41. bxc3 g5 42. h3) 39... Rxb6 40. cxb4 (40. Kg1 $11) 40... Rxb4 $14 {[%mdl 4096] Endgame KRB-KRB. Black is slightly better.} 41. Kg1 {[#]} d4 $1 {[%mdl 512]} 42. Kf1 (42. Rxd4 Rxb2) 42... g5 43. g3 gxf4 44. gxf4 c3 45. bxc3 dxc3 46. Rc2 Rxf4 47. Rxc3 {Precision: White = 49%, Black = 46%.} 1/2-1/2

[Event "WYCC 2018 O16"]
[Site "Halkidiki"]
[Date "2018.10.21"]
[Round "2"]
[White "Baenziger, Fabian"]
[Black "Arya Nirag Shah"]
[Result "1-0"]
[WhiteElo "2355"]
[BlackElo "1952"]
[Annotator "RC"]
[PlyCount "115"]
[EventDate "2018.10.20"]
[EventType "swiss"]
[EventCountry "GRE"]
[SourceTitle "playchess.com"]
[Source "ChessBase"]
[SourceQuality "1"]
[TimeControl "40/5400+30:1800+30"]

1. Nf3 {[%emt 0:00:00]} Nf6 {[%emt 0:00:00]} 2. g3 {[%emt 0:00:01]} d5 {[%emt 0:00:00]} 3. Bg2 {[%emt 0:00:04]} Bg4 {[%emt 0:00:25]} 4. O-O {[%emt 0:00:16]} e6 {[%emt 0:00:17]} 5. c4 {[%emt 0:00:19]} c6 {[%emt 0:00:34]} 6. cxd5 {[%emt 0:00:23]} cxd5 {[%emt 0:00:12]} 7. Qb3 {[%emt 0:01:40]} Bxf3 {[%emt 0:08:56]} 8. Bxf3 {[%emt 0:02:37]} Qd7 {[%emt 0:00:13]} 9. d3 {[%emt 0:01:10]} Nc6 {[%emt 0:00:20]} 10. Bg2 {[%emt 0:00:22]} Rc8 {[%emt 0:14:55]} 11. Nc3 {[%emt 0:02:16]} Be7 {[%emt 0:02:37]} 12. Bd2 {[%emt 0:04:34]} O-O {[%emt 0:00:25]} 13. Rfc1 {[%emt 0:04:03]} Rfd8 {[%emt 0:05:57]} 14. Qd1 {[%emt 0:08:33]} Nd4 {[%emt 0:13:48]} 15. e3 {[%emt 0:14:41]} Nc6 {[%emt 0:00:48]} 16. Ne2 {[%emt 0:14:23]} Ne8 {[%emt 0:06:52]} 17. a3 {[%emt 0:02:31]} Bf6 {[%emt 0:01:33]} 18. Rab1 {[%emt 0:01:36]} Nd6 {[%emt 0:06:14]} 19. b4 {[%emt 0:04:04]} Ne5 {[%emt 0:03:38]} 20. Qb3 {[%emt 0:02:31]} Qb5 {[%emt 0:10:32]} 21. Nf4 {[%emt 0:02:04]} g6 {[%emt 0:04:18]} 22. a4 {[%emt 0:02:44]} Qe8 {[%emt 0:00:23]} 23. Ne2 {[%emt 0:01:44]} Nd7 {[%emt 0:00:25]} 24. g4 {[%emt 0:04:29]} Bg7 {[%emt 0:04:12]} 25. f4 {[%emt 0:00:50]} Qe7 {[%emt 0:02:20]} 26. h3 {[%emt 0:01:50]} Nf8 {[%emt 0:01:42]} 27. Qa3 {[%emt 0:06:12]} Qd7 {[%emt 0:01:44]} 28. Qb3 {[%emt 0:02:11]} Rxc1+ {[%emt 0:00:59]} 29. Bxc1 {[%emt 0:01:27]} Rc8 {[%emt 0:00:24]} 30. Bb2 {[%emt 0:00:02]} Bxb2 {[%emt 0:02:00]} 31. Rxb2 {[%emt 0:00:05]} Rc7 {[%emt 0:00:16]} 32. Rc2 {[%emt 0:06:14]} Qc8 {[%emt 0:01:43]} 33. Rd2 {[%emt 0:01:01]} f5 {[%emt 0:03:37]} 34. Qb2 {[%emt 0:00:37]} Nd7 {[%emt 0:01:00]} 35. Nd4 {[%emt 0:01:52]} Kf7 {[%emt 0:00:32]} 36. Nf3 {[%emt 0:00:34]} h6 {[%emt 0:01:44]} 37. Ne5+ {[%emt 0:01:11]} Nxe5 {[%emt 0:00:04]} 38. fxe5 {[%emt 0:00:04]} Ne8 {[%emt 0:00:59]} 39. gxf5 {[%emt 0:00:25]} Rc1+ {[%emt 0:00:37]} 40. Kh2 {[%emt 0:00:00]} gxf5 {[%emt 0:00:00]} 41. e4 {[%emt 0:00:06]} fxe4 {[%emt 0:11:37]} 42. dxe4 {[%emt 0:00:57]} d4 {[%emt 0:04:22]} 43. Qxd4 {[%emt 0:00:44]} Ke7 {[%emt 0:01:56]} 44. Qf2 {[%emt 0:06:46]} Qc7 {[%emt 0:03:52]} 45. Qh4+ {[%emt 0:01:35]} Kf7 {[%emt 0:00:16]} 46. Qf4+ {[%emt 0:02:40]} Ke7 {[%emt 0:00:39]} 47. Qh4+ {[%emt 0:00:30]} Kf7 {[%emt 0:00:06]} 48. Rf2+ {[%emt 0:00:36]} Kg7 {[%emt 0:01:48]} 49. Qg4+ {[%emt 0:00:45]} Kh7 {[%emt 0:00:37]} 50. Qxe6 {[%emt 0:00:58]} Qb6 {[%emt 0:00:31]} 51. Rf7+ {[%emt 0:04:06]} Ng7 {[%emt 0:00:15]} 52. Qf5+ {[%emt 0:00:41]} Qg6 {[%emt 0:00:29]} 53. Rxb7 {[%emt 0:00:09]} Rc4 {[%emt 0:00:37]} 54. e6 {[%emt 0:01:25]} Rc2 {[%emt 0:00:44]} 55. Qxg6+ {[%emt 0:00:27]} Kxg6 {[%emt 0:00:04]} 56. e7 {[%emt 0:00:05]} Kf7 {[%emt 0:00:25]} 57. e8=Q+ {[%emt 0:00:09]} Kxe8 {[%emt 0:00:04]} 58. Rxg7 {[%emt 0:00:05]} 1-0